Labor parlamentaria (Record no. 73612)

MARC details
000 -LEADER
campo de control de longitud fija 00627nam a2200193 i 4500
001 - NÚMERO DE CONTROL
campo de control 73612
003 - IDENTIFICADOR DE NÚMERO DE CONTROL
campo de control ES-MaACL
005 - FECHA Y HORA DE LA ÚLTIMA TRANSACCIÓN
campo de control 20230906171853.0
007 - CAMPO FIJO DE DESCRIPCIÓN FÍSICA--INFORMACIÓN GENERAL
campo de control de longitud fija t|
008 - DATOS DE LONGITUD FIJA--INFORMACIÓN GENERAL
campo de control de longitud fija 040909s1917 sp ||||1| spa d
100 1# - ENTRADA PRINCIPAL--NOMBRE DE PERSONA
Nombre de persona Gómez Llombart, Eduardo.
9 (RLIN) 58012
245 10 - MENCIÓN DEL TÍTULO
Título Labor parlamentaria
Resto del título : semblanza /
Mención de responsabilidad, etc. Eduardo Gómez Llombart ; prólogo de Luis de Armiñán.
260 ## - PUBLICACIÓN, DISTRIBUCIÓN, ETC.
Lugar de publicación, distribución, etc. Madrid :
Nombre del editor, distribuidor, etc. [s.n.],
Fecha de publicación, distribución, etc. 1917 (
Fabricante R. Velasco)
300 ## - DESCRIPCIÓN FÍSICA
Extensión VIII, 102 p., 1 lám. ;
Dimensiones 23 cm.
500 ## - NOTA GENERAL
Nota general Lám. un retrato del autor.
700 1# - ENTRADA AGREGADA--NOMBRE PERSONAL
Nombre de persona Armiñán, Luis de,
Fechas asociadas al nombre 1871-1949
9 (RLIN) 155857
852 ## - LOCALIZACIÓN
Ubicación ES-MaACL
Número de control de estantería 1559-F-2
Holdings
Estatus retirado Estado de pérdida Estado de daño No para préstamo Colección Biblioteca de origen Biblioteca actual Ubicación en estantería Fecha de adquisición Fuente de adquisición Total de préstamos Signatura topográfica completa Código de barras Visto por última vez Precio de reemplazo Tipo de ítem Koha
        Colección de folletos Biblioteca del Ateneo de Madrid Biblioteca del Ateneo de Madrid Depósito folletos 17/01/2008     1559-F-2 1077048 23/02/2023 23/02/2023 Folleto